000 00937cam a2200313 i 4500
001 26812
003 Mx-PuUPA
005 20260409120425.0
008 140415s2000 gsw fr 000 f gsw d
040 _cMx-PuUPA
_aMx-PuUPA
_bspa
_dMx-PuUPA
_erda
041 0 _agsw
043 _an-us---
043 _aa-cc---
100 1 _aDalain, Yvan,
_d1927-2007
_917912
_eautor
245 1 0 _aL'ami chinois /
_cYvan Dalain
264 1 _aLutry :
_bEditions Bastian,
_c1993
300 _a257 páginas ;
_c23 cm
336 _2rdacontent
_atexto
_btxt
337 _2rdamedia
_asin medio
_bn
338 _2rdacarrier
_avolumen
_bnc
600 0 4 _aProfesor chino
_xConspiraciones
_vNovela
651 4 _aEstados Unidos
_vNovela política
651 4 _aChina
_vNovela política
655 4 _2armarc
_aNovela suiza
655 4 _2armarc
_aNovela de suspenso
942 _2ddc
_cLI
_h833
_iD36
999 _c26812
_d26812